LEADER 01602nam0 2200385 i 450 001 VAN0127136 005 20230627095731.608 017 70$2N$a9783030061227 100 $a20200226d2019 |0itac50 ba 101 $aeng 102 $aCH 105 $a|||| ||||| 200 1 $aQuantum Physics and Geometry$fEdoardo Ballico ?$bet al.] editors 210 $aCham$cSpringer$d2019 215 $avii, 172 p.$cill.$d24 cm 410 1$1001VAN0062328$12001 $aLecture notes of the Unione Matematica Italiana$1210 $aBerlin [etc.]$cSpringer$v25 500 1$3VAN0236974$aQuantum Physics and Geometry$91733510 606 $a14-XX$xAlgebraic geometry [MSC 2020]$3VANC019702$2MF 606 $a81-XX$xQuantum theory [MSC 2020]$3VANC019967$2MF 610 $aEntanglement$9KW:K 610 $aHilbert Function$9KW:K 610 $aQuantum Information$9KW:K 610 $aSecant Varieties$9KW:K 610 $aTensors$9KW:K 620 $aCH$dCham$3VANL001889 702 1$aBallico$bEdoardo$3VANV038461 712 $aSpringer $3VANV108073$4650 801 $aIT$bSOL$c20240614$gRICA 856 4 $uhttp://doi.org/10.1007/978-3-030-06122-7$zE-book ? Accesso al full-text attraverso riconoscimento IP di Ateneo, proxy e/o Shibboleth 899 $aBIBLIOTECA DEL DIPARTIMENTO DI MATEMATICA E FISICA$1IT-CE0120$2VAN08 912 $fN 912 $aVAN0127136 950 $aBIBLIOTECA DEL DIPARTIMENTO DI MATEMATICA E FISICA$d08CONS e-book 1725 $e08eMF1725 20200226 996 $aQuantum Physics and Geometry$91733510 997 $aUNICAMPANIA LEADER 01651nam0 22003853i 450 001 VAN00267347 005 20240806101522.441 017 70$2N$a9789401568449 100 $a20231121d1989 |0itac50 ba 101 $aeng 102 $aNL 105 $a|||| ||||| 200 1 $aGeostatistics$eProceedings of the Third International Geostatistics Congress September 5?9, 1988, Avignon, France$fedited by Margaret Armstrong 210 $aDordrecht$cSpringer$d1989 215 $axxix, 1039 p.$cill.$d24 cm 410 1$1001VAN00103765$12001 $aQuantitative geology and geostatistics$1210 $aDordrecht$cReidel$1300 $aL'editore varia in: Kluwer ; [poi] Springer$v4 606 $a86A32$xGeostatistics [MSC 2020]$3VANC031324$2MF 610 $aEconomic geology$9KW:K 610 $aGeostatistics$9KW:K 610 $aHydrogeology$9KW:K 610 $aQuantitative geology$9KW:K 610 $aStatistics$9KW:K 610 $afracture$9KW:K 610 $amorphology$9KW:K 620 $aNL$dDordrecht$3VANL000068 702 1$aArmstrong$bMargaret$3VANV166482 712 $aSpringer $3VANV108073$4650 801 $aIT$bSOL$c20250606$gRICA 856 4 $uhttps://doi.org/10.1007/978-94-015-6844-9$zE-book ? Accesso al full-text attraverso riconoscimento IP di Ateneo, proxy e/o Shibboleth 899 $aBIBLIOTECA DEL DIPARTIMENTO DI MATEMATICA E FISICA$1IT-CE0120$2VAN08 912 $fN 912 $aVAN00267347 950 $aBIBLIOTECA DEL DIPARTIMENTO DI MATEMATICA E FISICA$d08DLOAD e-book 7231 $e08eMF7231 20231127 996 $aGeostatistics$93596710 997 $aUNICAMPANIA